Buoy engineering
Saved in:
| Hovedforfatter: | |
|---|---|
| Format: | Bog |
| Sprog: | engelsk |
| Udgivet: |
Nueva York
John Wiley
1975
|
| Fag: | |
| Tags: |
Tilføj Tag
Ingen Tags, Vær først til at tagge denne postø!
|
MARC
| LEADER | 00000nam a2200000 a 4500 | ||
|---|---|---|---|
| 001 | UCV4962 | ||
| 003 | CL-VaPUC | ||
| 008 | 911011e19750000US |||||||||||||||||eng|d | ||
| 082 | 0 | 4 | |a 623.894 |b BER |2 21 |
| 100 | 0 | |a Berteaux, Henri O |e author |9 299166 | |
| 245 | 1 | 0 | |a Buoy engineering |
| 300 | |a 313 p | ||
| 942 | |c BK | ||
| 945 | |d 19911011 00:00:00 |a mfernand | ||
| 260 | |a Nueva York |b John Wiley |c 1975 | ||
| 650 | 7 | |a BOYAS |2 CL-VaPUC |9 261382 | |
| 650 | 7 | |a SEÑALES MARITIMAS |2 CL-VaPUC |9 261383 | |
| 583 | |a last modification |c 19911011 00:00:00 |k Rodrigo Vera | ||
| 999 | |c 211580 |d 211578 | ||
| 952 | |0 0 |1 0 |4 0 |6 623_894000000000000_BER_1975 |7 0 |8 A |9 191251 |a BIBING |b BIBING |d 2019-11-14 |i 1725890 |o 623.894 BER 1975 |p 1725890 |r 2025-01-20 |w 2019-11-14 |y BK |k EIE | ||
| 952 | |0 0 |1 0 |4 0 |6 623_894000000000000_BER_1975 |7 0 |8 CCM |9 191252 |a BIBCUR |b BIBCUR |d 2019-11-14 |i 3543358 |o 623.894 BER 1975 |p 3543358 |r 2025-04-22 |w 2019-11-14 |y BK_R |k CIM | ||